Química : la ciencia central /

Guardado en:
Otros Autores: Brown, Theodore L. 1928-
Formato: Libro
Idioma:Spanish
English
Publicado: Naucalpan de Juárez, Edo. de México : Pearson Educación de México, 2004.
Edición:9a ed.
Etiquetas: Agregar Etiqueta
Sin Etiquetas, Sea el primero en etiquetar este registro!
LEADER 02140nam a22002055a 4500
001 EEA.libagro009096
008 050310s2004####mx#a#####b####001#0#spa#d
005 20260319091725.0
245 0 0 |a Química :  |b la ciencia central /  |c Theodore L. Brown ... [et al.] ; traducción Héctor Escalona y García, Roberto Escalona García ; revisión técnica Rosa Ma. González Muradás ... [et al.]. 
250 |a 9a ed. 
260 |a Naucalpan de Juárez, Edo. de México :  |b Pearson Educación de México,  |c 2004. 
300 |a xxxvii, 1046, [66] p. :  |b il. col. ;  |c 27 cm. +  |e 1 CD-ROM. 
500 |a Traducción de: Chemistry the central science, 9th ed.; Pearson Education, c2003. 
504 |a Incluye referencias bibliográficas e índice. 
505 0 |a 1. Introducción: materia y medición -- 2. Átomos, moléculas e iones -- 3. Estequiometría: cálculos con fórmulas y ecuaciones químicas -- 4. Reacciones acuosas y estequiometría de disoluciones -- 5. Termoquímica -- 6. Estructura electrónica de los átomos -- 7. Propiedades periódicas de los elementos -- 8. Conceptos básicos de los enlaces químicos -- 9. Geometría molecular y teorías de enlace -- 10. Gases -- 11. Fuerzas intermoleculares, líquidos y sólidos -- 12. Materiales modernos -- 13. Propiedades de las disoluciones -- 14. Cinética química -- 15. Equilibrio químico -- 16. Equilibrios ácido-base -- 17. Aspectos adicionales de los equilibrios acuosos -- 18. Química ambiental -- 19. Termodinámica química -- 20. Electroquímica -- 21. Química nuclear -- 22. Química de los no metales -- 23. Metales y metalurgia -- 24. Química de los compuestos de coordinación -- 25. Química de la vida: química orgánica y biológica -- Apéndices: A. Operaciones matemáticas -- B. Propiedades del agua -- C. Magnitudes termodinámicas de una selección de sustancias a298.15 K (25°C) -- D. Constantes de equilibrio en disoluciones acuosas -- E. Potenciales estándar de reducción a 25°C 
020 |a 9702604680 
700 1 |a Brown, Theodore L.  |q (Theodore Lawrence),  |d 1928- 
082 0 4 |a 540  |2 21 
041 1 |a spa  |h eng 
859 |a AR-BbBCA  |b BIB. AGRONOMIA  |h 540  |i B881a9  |p 2005/4827